000 00546nam a22001937a 4500
005 20251108164202.0
008 250721s1996 xx 000 0 ara d
082 1 4 _a616.2/كل
245 1 0 _aكل شيء عن الصدر /
264 1 _aالقاهرة :
_bالدار الدولية للنشر،
_c1996.
300 _a91ص
490 0 _aالصحة
650 1 7 _aالإرضاع الطبيعي
650 1 7 _aالصدر
650 1 7 _aالصحة
710 2 _aلجنة الأطباء الأختصاصيين
942 _2ddc
_cBK
999 _c5817
_d5817